Die Anlagen der Agyptischen Felsgräber bis zum mittleren Reich /
المؤلف الرئيسي:
التنسيق: كتاب
اللغة: German
منشور في:
Glückstadt ; New York :
J. J. Augustin,
1936.
سلاسل:
Agyptologische Forschungen ;
3.
AgForsch ;
3.
الموضوعات:
الوسوم: إضافة وسم
رقم الطلب: DT57 .A4 v.3
| LEADER | 00886namaa2200289 4500 | ||
|---|---|---|---|
| 001 | 18997 | ||
| 003 | OSt | ||
| 005 | 20260429134137.0 | ||
| 008 | 130303s1936 gw ae b 000 0 ger d | ||
| 010 | |a 39016541 | ||
| 040 | |c ARCE Library | ||
| 043 | |a f-ua--- | ||
| 050 | 4 | |a DT57 .A4 v.3 | |
| 100 | 1 | |a Brunner, Hellmut, |e author | |
| 245 | 1 | 4 | |a Die Anlagen der Agyptischen Felsgräber bis zum mittleren Reich / |c Hellmut Brunner. |
| 264 | 1 | |a Glückstadt ; |a New York : |b J. J. Augustin, |c 1936. | |
| 300 | |a 89, [1] pages : |b illustrations, folded plan ; |c 30 cm. | ||
| 490 | 1 | |a Agyptologische Forschungen ; |v 3. | |
| 490 | 1 | |a AgForsch ; |v 3. | |
| 504 | |a Bibliography : pages 77-88. | ||
| 650 | 0 | |a Tombs |z Egypt. | |
| 650 | 0 | |a Architecture |z Egypt. | |
| 830 | 0 | |a Agyptologische Forschungen ; |v 3. | |
| 830 | 0 | |a AgForsch ; |v 3. | |
| 901 | |a reviewed | ||
| 942 | |c BK |2 lcc | ||
| 999 | |c 16026 |d 16026 | ||
